| 000 | 00537nam a22001697a 4500 | ||
|---|---|---|---|
| 003 | OSt | ||
| 005 | 20221007185735.0 | ||
| 008 | 221007b |||||||| |||| 00| 0 eng d | ||
| 020 | _a1-895329-41-8 | ||
| 040 | _cBiblioteca Lado V | ||
| 082 |
_a779 _bC235l |
||
| 100 |
_9129 _aCanyon, Brice _eeditor |
||
| 245 |
_aLive at the end of the Century/ _bAspects of performence art in vancouver/ |
||
| 260 |
_aCanada _bVisible Art Society and the Authors _c2000 |
||
| 300 |
_a184p. _c23x20cm |
||
| 942 |
_2ddc _c1 _h779 _iC235l _n0 |
||
| 999 |
_c2244 _d2244 |
||